书目信息 |
| 书名: | The Miracle Of St.Anthony | |
| 作者: | Adrian Wojnarowski | |
| 分册号: | ||
| 分册名: | 出版地: | New York |
|
| 出版社: | Gotham Books | |
| 出版时间: | 2005 | |
| 页数: | 382p | |
| 开本: | 23cm | |
| 丛书名: | ||
| 中图分类号: | ||
| 科图分类号: | ||
| 其他分类号: | K837.127 | |
| 主题词: | ||
| 电子资源: | ||
| 000 | 00525nam0 2200193 450 | |
| 001 | 052012179425 | |
| 005 | 20121126152938.0 | |
| 008 | 20021229d1997 em y0chiy0121 ea | |
| 020 | @a978-1-5924-0102-4@bhard@c$25.00 | |
| 041 | @aeng | |
| 091 | @aK837.127 | |
| 099 | @dK837.127@eA243 | |
| 100 | @aAdrian Wojnarowski | |
| 245 | 10 | @aThe Miracle Of St.Anthony@cAdrian Wojnarowski |
| 260 | @aNew York@bGotham Books@c2005 | |
| 300 | @a382p@c23cm | |
| 521 | @aThe Miracle Of St.Anthony | |
| 905 | @b12650 | |
| 905 | @aTSG@dK837.127@eA243 | |
| The Miracle Of St.Anthony / Adrian Wojnarowski.-New York : Gotham Books , 2005 |
| 382p ; 23cm |
| The Miracle Of St.Anthony |
| ISBN 978-1-5924-0102-4hard$25.00 |
| ● |
| 相关链接 |
|
|
|
正题名:The Miracle Of St.Anthony
索取号:K837.127/A243
 
预约/预借
| 序号 | 登录号 | 条形码 | 馆藏地/架位号 | 状态 | 备注 |
| 1 | 12650 | 300126502 | 社科库309/309社科库 999排1列1层/ [索取号:K837.127/A243] | 在馆 |